000 00839cam a2200241 i 4500
005 20251210093803.0
008 250721s1989 jo gr 000 0 ara d
082 1 4 _a216,302
_bم ل ح
100 1 _aملحم، أحمد عبد الله
_eمؤلف.
245 1 0 _aبيع المرابحة و تطبيقاتها في المصارف الإسلامية /
250 _aالطبعه الاولى.
264 1 _aعمان :
_bمكتبة الرسالة الحديثة،
_c1989.
300 _a302 صفحه.
650 1 7 _aالإسلام.
650 1 7 _aالفقه.
650 1 7 _aالمعاملات (فقه إسلامي).
650 1 7 _aالبيوع.
650 1 7 _aالبلدان العربية.
650 1 7 _aالبنوك.
700 1 _aالزرقا، مصطفي
_eمشرف.
942 _2ddc
_cBK
999 _c1086
_d1086